O pato e o sapo (Record no. 133136)

MARC details
000 -LÍDER
campo de controle de tamanho fixo 00470 a2200205 4500
001 - NÚMERO DE CONTROLE
campo de controle 133136
020 ## - ISBN - INTERNATIONAL STANDARD BOOK NUMBER
ISBN - International Standard Book Number 85-08-00734-5
040 ## - FONTE DA CATALOGAÇÃO
Instituição que transcreveu o registro Leonardo Da Vinci
041 ## - CÓDIGO DE IDIOMA
Código do idioma do texto/trilha sonora ou título diferente Português
082 ## - CDD - CLASSIFICAÇÃO DECIMAL DE DEWEY
Número de Classificação I J94pa
Número do exemplar J94pa
100 ## - ENTRADA PRINCIPAL--NOME PESSOAL
Nome pessoal JUNQUEIRA, Sonia
245 ## - TÍTULO
Título O pato e o sapo
250 ## - EDIÇÃO
Edição 2.ed
260 ## - PUBLICAÇÃO, DISTRIBUIÇÃO, ETC.
Nome do editor, distribuidor, etc. Ática
Data da publicação, distribuição, etc. 1985
Local de publicação, distribuição, etc. São Paulo
362 ## - DATAS DE PUBLICAÇÃO E/OU DESIGNAÇÃO SEQUENCIAL
Datas de publicação e/ou designação sequencial 19850000
490 ## - TÍTULO DA SÉRIE
Título da série Estrelinha 1
500 ## - NOTA GERAL
Nota geral Alcy (Ilustração)
697 ## - ENTRADA DE ASSUNTO LOCAL--ENTIDADE COLETIVA (RLIN)
Nome corporativo ou nome da jurisdição Literatura infantil
942 ## - ELEMENTOS DE ENTRADA ADICIONADOS (KOHA)
Tipo de material Koha Livros
Holdings
Situação do descarte Situação das perdas Situação física Não pode ser emprestado Biblioteca de origem Biblioteca atual Data de aquisição Total de empréstimos Número de chamada completo Código de barras Data de último acesso Data do preço efetivo Tipo de material Koha
        Leonardo Da Vinci - Osasco Leonardo Da Vinci - Osasco 27/03/2024   I J94pa O002703 27/03/2024 27/03/2024 Livros
        Leonardo Da Vinci - Osasco Leonardo Da Vinci - Osasco 27/03/2024   I J94pa O008214 27/03/2024 27/03/2024 Livros